|
|
|
|
| LEADER |
00000nam a2200000 i 4500 |
| 001 |
1/68886 |
| 008 |
981030s1996 eng d |
| 020 |
|
|
|a 0-582-30175-0
|
| 035 |
|
|
|l 10030282
|
| 040 |
|
|
|a GR-MY-UA
|b gre
|e aacr
|
| 041 |
0 |
|
|a eng
|
| 082 |
0 |
|
|a 330.947
|
| 245 |
1 |
4 |
|a The post-Soviet republics :
|b a systematic geography /
|c edited by Denis J. B. Shaw
|
| 260 |
|
|
|a Essex :
|b Longman,
|c c1996
|
| 300 |
|
|
|a 173 p.
|
| 500 |
|
|
|a Includes bibliographical references and index
|
| 650 |
0 |
0 |
|a Human geography
|z Former Soviet republics.
|
| 700 |
1 |
|
|a Shaw, Denis J. B.
|4 edt
|
| 852 |
|
|
|a INST
|b LESVOS
|e 19981030
|h 330.947 POS
|p 005100017634
|q 005100017634
|t BK
|y 0
|
| 901 |
|
|
|a BIBL-1999-1
|
| 909 |
|
|
|a Λ
|b 059983
|
| 922 |
|
|
|a 1ΕΛΗ
|b 199810
|c ΚΠΣ/ΤΓ
|d ΠΑΠΑΣΩΤΗΡΙΟΥ
|
| 950 |
|
|
|a 118-1998-07-21
|